000 00563cam a2200205ua 4500
020 _c$ 4.95
041 _aeng
_h
082 _a530
_bING/LA
100 _aIngersoll, Leonard Rose .
245 _aLaboratory manual of experiments in physics /
_cLeonard Rose Ingersoll.
_hTextual Documents
250 _a6 /
_b.
260 _aNew York :
_bMcGraw Hill Book Company ,
_c1953.
300 _a286 ; .
365 _a$ 4.95
504 _a
700 1 _aMartin, Miller Jay .
700 1 _aRouse , Theodore Alton .
942 _cBK
999 _c10144
_d10144